000 01205nam0a2200349 4500
001 RU\NLR\bibl\1461949
005 20250615235146.0
010 _a978-5-465-01187-7
_94000
021 _aRU
_b2009-95051
_96028
035 _a(nilc)RSL-KNO-004416966
035 _a(NLR Aleph) 001453705
090 _a1539260
_c1539260
100 _a20091120d2009 |||y0rusy50 ca
101 1 _arus
_ceng
102 _aRU
105 _aa |||||||||
200 1 _aЛучшие ножи мира
_e[иллюстрированный справочник
_eболее 1000 иллюстраций]
_fДжо Керцман
_g[пер. с англ.: Межевитинов Е. Б.]
210 _aМосква
_cОмега
_d2009
215 _a187 с.
_cцв. ил.
_d29
606 1 _aНожи
_jСправочники
_91749472
_3RU\NLR\auth\66783590
686 _aК781.4я22
_2rubbk
686 _aЩ126.9оружие и доспехи3я22
_2rubbk
686 _aМ725я22
686 _aЦ908я22
700 1 _aКерцман
_bД.
_gДжо
_4070
801 0 _aRU
_bРГБ
_c20091120
_grcr
801 1 _aRU
_bРГБ
_c20091120
801 2 _aRU
_bNLR
_c20100118
_grcr
942 _cBOOK
980 _aNB